<?xml version="1.0" encoding="UTF-8"?>
<record
    xmlns:xsi="http://www.w3.org/2001/XMLSchema-instance"
    xsi:schemaLocation="http://www.loc.gov/MARC21/slim http://www.loc.gov/standards/marcxml/schema/MARC21slim.xsd"
    xmlns="http://www.loc.gov/MARC21/slim">

  <leader>00661nam a22001937a 4500</leader>
  <controlfield tag="003">OSt</controlfield>
  <controlfield tag="005">20140429172639.0</controlfield>
  <controlfield tag="008">140429b        xxu||||| |||| 00| 0 eng d</controlfield>
  <datafield tag="040" ind1=" " ind2=" ">
    <subfield code="c">Sanskrit</subfield>
  </datafield>
  <datafield tag="082" ind1=" " ind2=" ">
    <subfield code="b">00065</subfield>
  </datafield>
  <datafield tag="100" ind1=" " ind2=" ">
    <subfield code="a">&#x930;&#x93E;&#x92F;, &#x905;&#x928;&#x93F;&#x932; &#x935;&#x930;&#x923;</subfield>
  </datafield>
  <datafield tag="245" ind1=" " ind2=" ">
    <subfield code="a">&#x917;&#x940;&#x924;&#x94B;&#x92A;&#x926;&#x947;&#x936;</subfield>
  </datafield>
  <datafield tag="260" ind1=" " ind2=" ">
    <subfield code="a">&#x92C;&#x928;&#x93E;&#x930;&#x938;</subfield>
    <subfield code="b">&#x915;&#x93E;&#x936;&#x940; &#x939;&#x93F;&#x902;&#x926;&#x942; &#x935;&#x93F;&#x936;&#x94D;&#x935;&#x935;&#x93F;&#x926;&#x94D;&#x92F;&#x93E;&#x932;&#x92F; </subfield>
    <subfield code="c">1948</subfield>
  </datafield>
  <datafield tag="300" ind1=" " ind2=" ">
    <subfield code="a">&#x968;&#x967;&#x96F; &#x92A;&#x943;&#x937;&#x94D;&#x920;&#x947;</subfield>
  </datafield>
  <datafield tag="520" ind1=" " ind2=" ">
    <subfield code="a">&#x917;&#x940;&#x924;&#x94B;&#x92A;&#x926;&#x947;&#x936;</subfield>
  </datafield>
  <datafield tag="653" ind1=" " ind2=" ">
    <subfield code="a">&#x917;&#x940;&#x924;&#x94B;&#x92A;&#x926;&#x947;&#x936;</subfield>
  </datafield>
  <datafield tag="856" ind1=" " ind2=" ">
    <subfield code="u">http://dspace.vpmthane.org:8080/jspui/bitstream/123456789/3738/1/065Geethopdesa.pdf</subfield>
  </datafield>
  <datafield tag="942" ind1=" " ind2=" ">
    <subfield code="2">ddc</subfield>
    <subfield code="c">EB-SANSKRI</subfield>
  </datafield>
  <datafield tag="999" ind1=" " ind2=" ">
    <subfield code="c">837161</subfield>
    <subfield code="d">837158</subfield>
  </datafield>
  <datafield tag="952" ind1=" " ind2=" ">
    <subfield code="0">0</subfield>
    <subfield code="1">0</subfield>
    <subfield code="2">ddc</subfield>
    <subfield code="4">0</subfield>
    <subfield code="7">0</subfield>
    <subfield code="a">VPMDIGI</subfield>
    <subfield code="b">VPMDIGI</subfield>
    <subfield code="d">2014-04-29</subfield>
    <subfield code="l">0</subfield>
    <subfield code="o">00065</subfield>
    <subfield code="p">VPMDIGI-S00065</subfield>
    <subfield code="r">2014-04-29 00:00:00</subfield>
    <subfield code="u">http://dspace.vpmthane.org:8080/jspui/bitstream/123456789/3738/1/065Geethopdesa.pdf</subfield>
    <subfield code="w">2014-04-29</subfield>
    <subfield code="y">EB-SANSKRI</subfield>
  </datafield>
</record>
